000 00490nam a2200121Ia 4500
008 220616s9999||||xx |||||||||||||| ||und||
100 _aFei Xu||Chengbo Mou
245 0 _aSelected Topics on Optical Fiber Technologies and Applications
546 _aEnglish[eng]
650 _aPhysical Sciences||Engineering and Technology||Optoelectronics||Physics||Optics and Lasers
856 _uhttps://www.intechopen.com/books/selected-topics-on-optical-fiber-technologies-and-applications
942 _cEB
999 _c21143
_d21143